Metody oceňování pohledávek
Definícia základných pojmov - ceny, pohľadávky. Členenie pohľadávok. Stanovenie hodnoty pohľadávok (bonita). Metódy oceňovania pohľadávok: 1. Metóda nominálnej hodnoty pohľadávky, 2. Nákladová metóda s hodnotením rizika, 3. Ratingová metóda, 4. Bonitačná metóda, 5. Likvidačná metóda, 6. Kombinácia m...
Gespeichert in:
| 1. Verfasser: | |
|---|---|
| Format: | Buchkapitel |
| Sprache: | Tschechisch |
| Schlagworte: | |
| Tags: |
Keine Tags, Fügen Sie das erste Tag hinzu!
|
MARC
| LEADER | 00000naa a2200000 4500 | ||
|---|---|---|---|
| 001 | r043259 | ||
| 005 | 20231004072337.6 | ||
| 041 | 0 | |a cze | |
| 044 | |a CZ | ||
| 245 | 1 | 0 | |a Metody oceňování pohledávek |c Lukáš Křístek |
| 520 | |a Definícia základných pojmov - ceny, pohľadávky. Členenie pohľadávok. Stanovenie hodnoty pohľadávok (bonita). Metódy oceňovania pohľadávok: 1. Metóda nominálnej hodnoty pohľadávky, 2. Nákladová metóda s hodnotením rizika, 3. Ratingová metóda, 4. Bonitačná metóda, 5. Likvidačná metóda, 6. Kombinácia metód. Pokračovanie v budúcom čísle. | ||
| 610 | 2 | 0 | |a pohľadávky |
| 610 | 2 | 0 | |a pojmy |
| 610 | 2 | 0 | |a hodnota |
| 610 | 2 | 0 | |a oceňovanie |
| 610 | 2 | 0 | |a metódy |
| 100 | 1 | |a Křístek, Lukáš | |